书目信息 |
| 题名: |
古典式自由式摔跤竞赛规则
|
|
| 作者: | 中华人民共和国体育运动委员会审定 | |
| 分册: | ||
| 出版信息: | 北京 人民体育出版社 1983.2 |
|
| 页数: | 30页 | |
| 开本: | 20cm | |
| 丛书名: | ||
| 单 册: | ||
| 中图分类: | G886.24 | |
| 科图分类: | ||
| 主题词: | 体育 | |
| 电子资源: | ||
| ISBN: | ||
| 000 | 00673nam0 2200205 45 | |
| 001 | 0405070981 | |
| 005 | 20040507091635.1 | |
| 010 | @dCNY0.11 | |
| 091 | @a7015.2094 | |
| 100 | @a20040507d1983 km y0chiy0120 ea | |
| 101 | 0 | @achi |
| 105 | @a z 000yy | |
| 200 | 1 | @a古典式自由式摔跤竞赛规则@AGu Dian Shi Zi You Shi Shuai Jiao Jing Sai Gui Ze@f中华人民共和国体育运动委员会审定@FZhong Hua Ren Min Gong He Guo Ti Yu Yun Dong Wei Yuan Hui Shen Ding |
| 210 | @a北京@c人民体育出版社@d1983.2 | |
| 215 | @a30页@d20cm | |
| 606 | 0 | @a体育 |
| 690 | @aG886.24@v3 | |
| 701 | 0 | @a中华人民共和国体育运动委员会审定 |
| 801 | @aCN@bTSTCL@c20040507 | |
| 905 | @f2@b100611-612@dG886.24@e4 | |
| 古典式自由式摔跤竞赛规则/中华人民共和国体育运动委员会审定.-北京:人民体育出版社,1983.2 |
| 30页;20cm |
| ISBN :CNY0.11 |
| ● |
| 相关链接 |
|
|
|
|
正题名:古典式自由式摔跤竞赛规则
索取号:G886.24/4
 
预约/预借
| 序号 | 登录号 | 条形码 | 馆藏地/架位号 | 状态 | 备注 |
| 1 | 0100611 | 000990869 | 密集书库/ [索取号:G886.24/4] | 在馆 | |
| 2 | 0100612 | 000990921 | 密集书库/ [索取号:G886.24/4] | 在馆 | |
| 3 | 0100613 | 000990850 | 第一样本阅览室/ [索取号:G886.24/4] | 在馆 |